01953nam a2200289Ia 4500952009600000952009600096999001700192008004100209020001500250050002100265240009200286245014600378246005900524260003300583300003900616500009800655505057200753519004401325519004401369650003901413650004201452650003901494700003901533700004001572700004401612942000701656 00104070a04b04d2008-06-25l0oTS155.65 M3718p04 001280r2013-05-22t1w2012-06-24yLB 00104070a04b04d2008-06-25l0oTS155.65 M3718p04 001281r2015-05-21t2w2012-06-24yLB c62055d62055120625s2000 mx r 001 0 spa d a9700905276 4aTS155.65 bM371810aMarkets of one: Creating Customer-Unique Value through Mass Customization. lEspañol 00aMarketing 1x1 b : cada cliente es un mercado c / compilado por James H. Gilmore y B. Joseph Pine II ; traducción Adriana Arias de Hassan 3 aMarketing uno por uno b : cada cliente es un mercado  aMéxicob : Norma c , 2000 axxxiii, 265 páginas c ; 23 cm.  aTítulo original: Markets of one: Creating Customer-Unique Value through Mass Customization.0 aLa muerte de los mercados masivos La teoría emergente de la producción El marketing en una era de diversidad Servicio al cliente eficiente y singular La administración en una era de modularidad ¿Desea conservar a sus clientes para siempre? ¿Está lista su empresa para el marketing personalizado? El negocio de la individualización Crecimiento acelerado sin concesiones Las cuatro cartas de la individualización masiva La forma inteligente de vender información La individualización masiva en operación Administración por instrumentos  aMaterial Complementario / d(04 001280) aMaterial Complementario / d(04 001281) 4aSISTEMAS FLEXIBLES DE MANUFACTURA  4aADMINISTRACIÓN DE PRODUCTOS 912869 4aRELACIONES DE MERCADOTECNIA9423721 aGilmore, James H. e , compilador 1 aPine II, B. Joseph e , compilador 1 aArias de Hassan, Adrianae , traductor  cLB